Datum a čas kvízu
35.5
Celkem bodů
Celkový počet nahraných bodů na tomto kvízu bez doplňovacích otázek.
5.
Pořadí na kvízu
Konečné umístění týmu na tomto kvízu.
Zaznamenané odpovědi
| # | Otázka | Odpověď | Body | Výsledky |
|---|---|---|---|---|
| 1. | Tato novinářka prošla celou p... | Markéta Řeháková | 1 | |
| 2. | Ve Spojených státech došlo k n... | Sněmovna reprezentantů | 1 | |
| 3. | Agáta Hanychová minulý týden o... | Miroslav Dopita | 1 | |
| 4. | Ve středu byla v Berlíně předs... | Škoda Kodiaq | 0 | |
| 5. | Mezinárodní fotbalová federace... | Španělsko, Portugalsko, Maroko | 0 | |
| 6. | Téma o slavných trojicích, kte... | Toyota, Nissan, Honda | 0 | |
| 7. | Která tříčlenná kapela stojí z... | Green Day | 0 | |
| 8. | Na začátku které slavné původn... | Matrix | 1 | |
| 9. | S naším tématem jistě souvisí... | d'Artagnana | 1 | |
| 10. | Které společné příjmení patří... | Zohorna | 0 |